000 00318nam a2200121Ia 4500
008 171211s9999 xx 000 0 und d
020 _a9781119978107
100 _aDimmock, N.J.
245 _aIntroduction to Modern Virology
250 _a7th Edition
260 _bJohn Willy & Sons, Ltd.
_c2016
300 _a519 pages
999 _c350821
_d350821